Catalogo de los moluscos continentales de Colombia. (Registro nro. 20637)

Detalles MARC
000 -CABECERA
Campo de control 00766nam a22002297a 4500
005 - FECHA Y HORA DE LA ULTIMA TRANSACCION
Campo de control 20191211065641.0
008 - ELEMENTOS DE LONGITUD FIJA—INFORMACION GENERAL
Campo de control 191211b xxu||||| |||| 00| 0 spa d
020 ## - ISBN
ISBN 9789587611687
040 ## - FUENTE DE CATALOGACIÓN
Agencia catalogadora original CO-BoIAVH
Agencia transcriptora CO-BoIAVH
041 ## - IDIOMA
Código de idioma para texto/pista de sonido o título separado Español
044 ## - PAÍS DE PUBLICACIÓN
País de publicación Colombia
082 ## - NUMERO DE CLASIFICACION DECIMAL DEWEY
Número de clasificación 594
Número del ítem L63c
100 ## - ASIENTO PRINCIPAL--NOMBRE PERSONAL
9 (RLIN) 55645
Nombre personal Linares Castillo, Edgar Leonardo
245 ## - MENCION DE TITULO
Título Catalogo de los moluscos continentales de Colombia.
260 ## - PUBLICACION, DISTRIBUCION, ETC. (PIE DE IMPRENTA)
Lugar de publicación, distribución, etc. Bogotá:
Nombre del editor, distribuidor, etc. Universidad Nacional de Colombia,
-- Facultad de Ciencias,
-- Instituto de Ciencias Naturales,
Fecha de publicación, distribución, etc. 2012.
300 ## - DESCRIPCION FISICA
Extensión 360 Páginas:
Dimensiones 24 x 17 cm.
650 #0 - ASIENTO SECUNDARIO DE MATERIA - TERMINO TEMATICO
9 (RLIN) 13120
Término temático o nombre geográfico como elemento de entrada Moluscos
650 #0 - ASIENTO SECUNDARIO DE MATERIA - TERMINO TEMATICO
9 (RLIN) 97609
Término temático o nombre geográfico como elemento de entrada Gasterópodos
650 #0 - ASIENTO SECUNDARIO DE MATERIA - TERMINO TEMATICO
9 (RLIN) 59690
Término temático o nombre geográfico como elemento de entrada Bivalvos
Subdivisión geográfica Colombia
650 #0 - ASIENTO SECUNDARIO DE MATERIA - TERMINO TEMATICO
9 (RLIN) 35528
Término temático o nombre geográfico como elemento de entrada Conservación de la diversidad biológica.
942 ## - ELEMENTOS ADICIONALES (KOHA)
Sistema de clasificación Dewey Decimal Classification
Tipo de ítem Libro
Existencias
Withdrawn status Lost status Sistema de Clasificación Damaged status No para préstamo Colección Ubicación Permanente Ubicación actual Fecha de adquisición Total Checkouts Número topográfico Inventario / Código de Barras Date last seen Ejemplar Price effective from Forma de adquisición Tipo de material
    Dewey Decimal Classification     General Bogotá Bogotá 11/12/2019   LB-594 L63c 043877 11/12/2019 Ej.1 11/12/2019 Canje Libro